Search Results
Showing Item 1 of 5
Available copies
- 19 of 19 copies available at Headquarters.
Current holds
0 current holds with 19 total copies.
| Location | Call Number / Copy Notes | Barcode | Shelving Location | Status | Due Date |
|---|---|---|---|---|---|
| Airport Children Library | 201 JFIC/WAT | 000001263848 | Childrens' Fiction | Available | - |
| Airport Children Library | 201 JFIC/WAT | 000001263862 | Childrens' Fiction | Available | - |
| Airport Children Library | 201 JFIC/WAT | 000001379792 | Childrens' Fiction | Available | - |
| Bortiano Library | 201 JFIC/WAT | 000001168006 | Childrens' Fiction | Available | - |
| Bortiano Library | 201 JFIC/WAT | 000001168013 | Childrens' Fiction | Available | - |
| Bortiano Library | 201 JFIC/WAT | 000001168020 | Childrens' Fiction | Available | - |
| Bortiano Library | 201 JFIC/WAT | 000001168037 | Childrens' Fiction | Available | - |
| Bortiano Library | 201 JFIC/WAT | 000001168044 | Childrens' Fiction | Available | - |
| Bortiano Library | 201 JFIC/WAT | 000001168051 | Childrens' Fiction | Available | - |
| Bortiano Library | 201 JFIC/WAT | 000001168068 | Childrens' Fiction | Available | - |
| Next 10 » | |||||
Record details
- ISBN: 9789964702076
- Physical Description: Paperback
- Publisher: Accra Afram Publications, 1997.
Search for related items by subject
| Subject: | Bean seed |
| LDR | 00620cam a2200205Ka 4500 | ||
|---|---|---|---|
| 001 | 76239 | ||
| 003 | HQ | ||
| 005 | 20201123111412.0 | ||
| 008 | 070101s gh a er 1 eng d | ||
| 020 | . | ‡a9789964702076 | |
| 037 | . | ‡aBook Aid | |
| 082 | . | ‡aJFIC/WAT | |
| 100 | . | ‡aWatson Nikki | |
| 245 | . | ‡aThe Story The Bean Seed | |
| 260 | . | ‡aAccra ‡bAfram Publications, ‡c1997. | |
| 300 | . | ‡aPaperback | |
| 650 | . | ‡aBean seed | |
| 901 | . | ‡a76239 ‡bAUTOGEN ‡c76239 ‡tbiblio | |
Search Results
Showing Item 1 of 5

Add to basket
Permalink
Disable Highlighting